El libro de las voces /

Guardado en:
Autor Principal: Gardini, Carlos
Formato: Libro
Publicado: Buenos Aires : Página 12, 2004
Materias:
Etiquetas: Agregar Etiqueta
Sin Etiquetas, Sea el primero en etiquetar este registro!
LEADER 00614nam a22002055a 4500
001 CEM.cems011697
005 20101125105422.0
008 130507s2004##################000#0#####d
003 CEMS
020 |a 9875033758 
082 0 4 |a A863.4 
100 1 |a Gardini, Carlos 
245 1 0 |a El libro de las voces /  |c Carlos Gardini ; prólogo de Carlos Capanna 
260 |a Buenos Aires :  |b Página 12,  |c 2004 
300 |a 175 p. 
653 |a Literatura 
653 |a Literatura argentina 
653 |a Novela argentina siglo 20 
653 |a Novela ciencia ficción 
859 |a CEMS  |b BIB. CEMS - 11 de abril  |h A863.4  |i G168  |p 22670.04  |t Ej.1